KÖPRÜBAŞI (Record no. 808542)
[ view plain ]
| 000 -LEADER | |
|---|---|
| sabit uzunluktaki kontrol alanı | 00240nam a2200097Ia 4500 |
| 001 - KONTROL NUMARASI | |
| kontrol alanı | 808542 |
| 005 - EN SON İŞLEMİN TARİH VE ZAMANI | |
| kontrol alanı | 20250826171252.0 |
| 008 - SABİT-UZUNLUKTA VERİ ÖĞELERİ--GENEL BİLGİ | |
| sabit uzunluktaki kontrol alanı | 250824s9999 xx 000 0 und d |
| 245 #0 - ESER / YAZAR | |
| ESER ADI | KÖPRÜBAŞI |
| Yazar Adı | YAVUZ BAHADIROĞLU |
| 260 ## - YAYIN, DAĞITIM, VB. | |
| YAYIN EVİ | NESİL YAYINLARI |
| Düşüm durumu | Kayıp durumu | Sınıflandırma Kaynağı veya raf şeması | Hasar Durumu | Ödünç verilmez | Ana kütüphane | Geçerli Kütüphane | Edinilen tarih | Toplam ödünç verme sayısı | Tam yer numarası | Barkod | Son görüntüleme tarihi | Fiyatın geçerli olmaya başladığı tarih | Koha materyal türü |
|---|---|---|---|---|---|---|---|---|---|---|---|---|---|
| Dewey Ondalık Sınıflama | SELÇUKLU BELEDİYESİ ORTAOKULU | SELÇUKLU BELEDİYESİ ORTAOKULU | 24.08.2025 | I2 (YAVUZ BAHADIROĞLU) | 10582983 | 26.08.2025 | 26.08.2025 | Books |